Desocupacion(monografía) /
Guardado en:
| Formato: | Libro |
|---|---|
| Publicado: |
:
,
1995
|
| Materias: | |
| Etiquetas: |
Agregar Etiqueta
Sin Etiquetas, Sea el primero en etiquetar este registro!
|
| LEADER | 00391nam a22001575a 4500 | ||
|---|---|---|---|
| 001 | CEM.cems009121 | ||
| 005 | 20060214000000.0 | ||
| 008 | 130507s1995##################000#0#####d | ||
| 003 | CEMS | ||
| 082 | 0 | 4 | |a F331 |
| 245 | 0 | 0 | |a Desocupacion(monografía) / |
| 260 | |a : |b , |c 1995 | ||
| 653 | |a Desempleo | ||
| 653 | |a Desocupacion | ||
| 653 | |a F.c. | ||
| 859 | |a CEMS |b BIB. CEMS - 11 de abril |h F331 |i 1 |p 1388.44 |t Ej.1 | ||
